000
00430nam a2200157Ia 4500
008
220531s9999 xx 000 0 und d
041
_a
mar
100
_a
कुलकर्णी अ रा
_9
64887
245
_a
जेंस कनिंगहॅम ग्रट डफ
260
_b
Pune Vidyapith
_c
1969
300
_a
266
542
_d
21-04-2010
650
_a
General
_9
64888
906
_d
2010-2011
999
_c
36771
_d
36771